Famous Scientific Experimenters - Statistics

General Stats
  • This quiz has been taken 30 times
  • The average score is 8 of 14
Answer Stats
Hint Answer % Correct
Pioneered research into radioactivity. Marie Curie
97%
Demonstrated evolution by natural selection. Charles Darwin
93%
Invented pasteurization. Louis Pasteur
93%
Discovered double helix shape of DNA. James Watson, Francis Crick, Rosalind Franklin
90%
Demonstrated how lightning is a form of electrical discharge. Benjamin Franklin
77%
Experimented with peas to discover fundemental laws of genetics. Gregor Mendel
77%
Experimented with classical conditioning. Ivan Pavlov
73%
Used gold foil to discover the positive nucleus of an atom. Ernest Rutherford
57%
Tested differences in pitch with approaching and passing noises. Christian Doppler
53%
Showed the volume of a gas was inversely related to the correspdoning pressure. Robert Boyle
33%
First person to observe a cell under a microscope. Robert Hooke
30%
Conducted the controversial Stanford Prison Experiment. Philip Zimbardo
13%
Experimented with operant conditioning. B. F. Skinner
7%
Studied human obedience in the presence of an authority figure. Stanley Milgram
7%
No matching quizzes found
Score Distribution
Percent of People with Each Score
Percentile by Number Answered
Your Score History
You have not taken this quiz